Vplyv finančnej krízy na budúcnosť odvetvia kolektívneho investovania v Slovenskej republike

Analýza vplyvu finančnej krízy na budúcnosť odvetvia kolektívneho investovania v SR, a to najmä z pohľadu očakávaných zmien v oblasti správania klientov, zjednodušenia produktového portfólia, úpravách legislatívy, sprísnenia regulácie a nadväznej úpravy obchodných modelov správcovských spoločnostrí...

Descrizione completa

Salvato in:
Dettagli Bibliografici
Autore principale: Matušovič, Marián
Altri autori: Matušovičová, Monika, 1967-
Natura: Capitolo di libro
Lingua:slovacco
Soggetti:
Tags: Aggiungi Tag
Nessun Tag, puoi essere il primo ad aggiungerne!!

MARC

LEADER 00000naa a2200000 4500
001 0122021
005 20240502072400.8
041 0 |a slo 
044 |a SK 
245 1 0 |a Vplyv finančnej krízy na budúcnosť odvetvia kolektívneho investovania v Slovenskej republike  |c Marián Matušovič, Monika Matušovičová 
520 |a Analýza vplyvu finančnej krízy na budúcnosť odvetvia kolektívneho investovania v SR, a to najmä z pohľadu očakávaných zmien v oblasti správania klientov, zjednodušenia produktového portfólia, úpravách legislatívy, sprísnenia regulácie a nadväznej úpravy obchodných modelov správcovských spoločnostrí reagujúcich na tieto zmeny. Analýza možných variantov vývoja sektora po implementácii smernice UCITS IV na Slovensku v roku 2011. 
610 2 0 |a kríza finančná 
610 2 0 |a Slovensko 
610 2 0 |a investovanie kolektívne 
610 2 0 |a spoločnosti správcovské 
610 2 0 |a globalizácia 
100 1 |a Matušovič, Marián 
700 1 |a Matušovičová, Monika, 1967-